000
00214 a2200097 4500
001
14293
100
_a
James, Eric
245
_a
Education and leadership
260
_a
London
_b
George harp
_c
090
_c
11203
_d
11203
942
_a
NUST-CAE
_c
M
_c
1341
999
_c
249366
_d
249366